| 000 | 00656nam a2200217Ia 4500 | ||
|---|---|---|---|
| 003 | GCL | ||
| 008 | 140319s9999 xx 000 0 ara d | ||
| 040 |
_aGCL / _cGCL |
||
| 082 | 0 | 4 |
_a842 _bس س |
| 100 | 1 | _aسارتر ، جان بول | |
| 245 | 1 | 0 |
_aسجناء الطونا / _cسارتر ، جان بول |
| 700 | 1 | _aماهر فؤاد | |
| 700 | 1 | _aمحمد رشاد خميس | |
| 300 | _a269 ص | ||
| 490 |
_aمسرحيات عالمية _v0 |
||
| 650 | 0 | 4 | _aالادب |
| 650 | 0 | 4 | _aالادب الفرنسى |
| 650 | 0 | 4 | _aالمسرحيات الفرنسية |
| 650 | 0 | 4 | _aالمسرحيات الفرنسية المترجمة |
| 942 |
_2ddc _cBK |
||
| 999 |
_c40098 _d40098 |
||